Využitie intranetu v riadení firmy bakalárska práca

Salvato in:
Dettagli Bibliografici
Autore principale: Švejdová, Nikola
Ente Autore: Fakulta podnikového manažmentu EU. Katedra informačného manažmentu
Altri autori: Boroviková, Veronika
Natura: Libro
Lingua:slovacco
Pubblicazione: Bratislava 2012
Tags: Aggiungi Tag
Nessun Tag, puoi essere il primo ad aggiungerne!!

MARC

LEADER 00000nbm a2200000 4500
001 0153813
005 20161109111809.2
041 0 |a slo 
044 |a SK 
245 1 0 |a Využitie intranetu v riadení firmy  |b bakalárska práca  |c Nikola Švejdová ; školiteľ: Veronika Boroviková 
264 1 |a Bratislava  |c 2012 
300 |a 46 s. 
100 1 |a Švejdová, Nikola 
700 1 |a Boroviková, Veronika 
710 2 |a Fakulta podnikového manažmentu EU. Katedra informačného manažmentu